000
00303nam a2200097 a 4500
005
20200930065803.0
008
110725s1929 000 spa d
245
0
_a
Ley orgánica de enseñanza pública. Ley para la dirección de la enseñanza públi..
260
_a
Santo Domingo,
_c
1929.
999
_c
32194
_d
32194
040
_a
DO-SdBNP